01761nam a2200289 a 450000500170000000800350001702000180005204100080007010000280007824502520010625000120035826000380037030000220040850002880043065300530071865300940077165301120086565301200097765300470109765301030114465300940124770000220134170000330136370000240139670000330142070000180145320240412121436.0100804t2015||||ag f s sp spa d a9789876044325 aspa1 aSampayo, HoracioeComp. 3aEl acceso y la exclusión en el cuidado de la salud: una perspectiva antropológica.bVol.2 Análisis de las continuidades y las rupturas en la forma de abordar la salud, la discriminación, la segregación, los prejuicios / cHoracio Sampayo a1a ed.  aNeuquén [Arg.]: bEDUCO;c2015. a144 p.c23x16 cm. aSampayo, H. et al. (2015). El acceso y la exclusión en el cuidado de la salud: una perspectiva antropológica. Vol.2 Análisis de las continuidades y las rupturas en la forma de abordar la salud, la discriminación, la segregación, los prejuicios. (1a ed.). Neuquén : EDUCO. 9aPor qué la antrología trabaja sobre la salud aRepresentaciones y prácticas plurales en la asistencia de procesos que afecten la salud aCultura, salud y sectores populares en América Latina. La naturalización como negación de la historia 3aLa masculinidad hegemónica como obstáculo para el acceso a la salud de los varones en la provincia de Neuquén 3aLa comunicación: obstáculos invisibles aMujeres migrantes, relaciones interculturales y trabajo enfermero. Aportes desde la antropología 3aDe empíricas a profesionales. La enfermería en la provincia de Río Negro, 1960-19701 aFranquelli, Carla1 aGarcía Gualda, Suyai Malen1 aRomero, Ana María1 aJara, María de los Angeles1 aFlores, Marta